Physiology of behaviour (Record no. 18683)

MARC details
000 -LEADER
fixed length control field 00465nam a2200181Ia 4500
008 - FIXED-LENGTH DATA ELEMENTS--GENERAL INFORMATION
fixed length control field 230917s9999||||xx |||||||||||||| ||und||
020 ## - ISBN
Price RS1195
040 ## - CATALOGING SOURCE
-- 233119
Original cataloging agency VIVEKANANDA LIBRARY
041 ## - Language
-- English
082 ## - DDC NUMBER
Classification number 152 C197P(11)
100 ## - MAIN ENTRY--PERSONAL NAME
Personal name Carlson, Neil R
245 #0 - TITLE STATEMENT
Title Physiology of behaviour
250 ## - EDITION STATEMENT
Edition statement 11th ed.
260 ## - PUBLICATION, DISTRIBUTION, ETC. (IMPRINT)
Place of publication, distribution, etc Noida
Name of publisher, distributor, etc Pearson Education
Date of publication, distribution, etc 2015
300 ## - PHYSICAL DESCRIPTION
Pages 715 p.
500 ## - GENERAL NOTE
General note 2324 16/05/2016 FP16/7794 17/05/2016 Main Budget
942 ## - ADDED ENTRY ELEMENTS (KOHA)
Koha item type Books
Holdings
Withdrawn status Lost status Damaged status Not for loan Location (home branch) Sublocation or collection (holding branch) Date acquired Koha issues (times borrowed) Koha full call number Accession No. Koha date last seen Koha item type
        VIVEKANANDA LIBRARY VIVEKANANDA LIBRARY 05/07/2016 1 152 C197P(11) 357990 06/02/2025 Books
© Designed and Maintained by Vivekananda Library, MDU Rohtak